000 00540nam a2200157 4500
999 _c7542
_d7542
008 170929b xxu||||| |||| 00| 0 eng d
022 _a01181831
082 _aDPer 613.05 H34 Jul-Nov 2013
100 _922840
_aOlegario, Ivan.
245 _aInhale, exhale:
_bhear what your breathing pattern says about your health/
_cIvan Olegario.
260 _aPhilippines:
_bMIMS Pte Ltd KDN,
_c©2013.
300 _apages 60-62:
_billustrations;
_c28 cm.
500 _aHealth today.
650 0 _922841
_aBreathing
_xExercise.
942 _2ddc
_cPER